Hinduism clarified and simplified: (Record no. 103264)

MARC details
000 -LEADER
fixed length control field 00617nam a22001817a 4500
005 - DATE AND TIME OF LATEST TRANSACTION
control field 20230628173253.0
010 ## - LCCN (DPL NO)
LC control number ENG-115991
020 ## - INTERNATIONAL STANDARD BOOK NUMBER
International Standard Book Number 9789381384725
Terms of availability 495.00
035 ## - SYSTEM CONTROL NUMBER
System control number EN-99523
037 ## - SOURCE OF ACQUISITION
Source of stock number/acquisition DBAD/PUB
082 ## - DEWEY DECIMAL CLASSIFICATION NUMBER
Classification number 220
100 ## - MAIN ENTRY--PERSONAL NAME
Personal name Shrikant Prasoon
245 ## - TITLE STATEMENT
Title Hinduism clarified and simplified:
Remainder of title an authentic intellectual analysis of the most emotional,spirtual and religious topic /
Statement of responsibility, etc by Shrikant Prasoon
260 ## - PUBLICATION, DISTRIBUTION, ETC. (IMPRINT)
Place of publication, distribution, etc New Delhi
Name of publisher, distributor, etc V&S Publishers
Date of publication, distribution, etc 2015
270 ## - ADDRESS
Address F-2/16,Ansari Road,Daryaganj
City New Delhi
Postal code 110002
300 ## - PHYSICAL DESCRIPTION
Extent 269p.
Dimensions 23cm (pbk)
942 ## - ADDED ENTRY ELEMENTS (KOHA)
Source of classification or shelving scheme Dewey Decimal Classification
Item type English Books
Classification part 200
Call number suffix SHR
Holdings
Withdrawn status Lost status Not for loan Collection code Home library Current library Date acquired Source of acquisition Cost, normal purchase price Full call number Barcode Copy number Cost, replacement price Koha item type
      Non-fiction Bawana Bawana 04/10/2016 DBAD/PUB 495.00 200 SHR EN-99523 1 495.00 English Books

© Delhi Public Library
Hit Counter
free hit counter